<?xml version="1.0" encoding="UTF-8"?>
<collection xmlns="http://www.loc.gov/MARC21/slim">
 <record>
  <leader>01803nam a2200349 a 4500</leader>
  <controlfield tag="001">1/29819</controlfield>
  <controlfield tag="008">031120s20032005gr a      i   001 0 gre d</controlfield>
  <datafield tag="020" ind1=" " ind2=" ">
   <subfield code="a">9608050936</subfield>
  </datafield>
  <datafield tag="035" ind1=" " ind2=" ">
   <subfield code="l">31930</subfield>
  </datafield>
  <datafield tag="040" ind1=" " ind2=" ">
   <subfield code="a">GR-PeUP</subfield>
  </datafield>
  <datafield tag="082" ind1="0" ind2="0">
   <subfield code="a">512.5 LI ΜΤΦ</subfield>
  </datafield>
  <datafield tag="100" ind1="1" ind2=" ">
   <subfield code="a">Lipschutz, Seymour.</subfield>
  </datafield>
  <datafield tag="245" ind1="1" ind2="0">
   <subfield code="a">θεωρία και Προβλήματα στη γραμμική άλγεβρα /</subfield>
   <subfield code="c">Seymour Iipschutz, Marc Lars Lipson ; μετ. Γεώργιος Λ. Μπλέρης ; Ιωάννης Π. Αντωνιάδης.</subfield>
  </datafield>
  <datafield tag="250" ind1=" " ind2=" ">
   <subfield code="a">3η έκδ.</subfield>
  </datafield>
  <datafield tag="260" ind1=" " ind2=" ">
   <subfield code="a">Θεσσαλονίκη :</subfield>
   <subfield code="b">Τζιόλα,</subfield>
   <subfield code="c">c2003, 2005.</subfield>
  </datafield>
  <datafield tag="300" ind1=" " ind2=" ">
   <subfield code="a">519 σ. :</subfield>
   <subfield code="b">εικ. ;</subfield>
   <subfield code="c">30 εκ.</subfield>
  </datafield>
  <datafield tag="490" ind1="1" ind2=" ">
   <subfield code="a">Schaum's Outline Series ;</subfield>
  </datafield>
  <datafield tag="500" ind1=" " ind2=" ">
   <subfield code="a">Περιέχει ευρετήριο.</subfield>
  </datafield>
  <datafield tag="500" ind1=" " ind2=" ">
   <subfield code="a">Τίτλος πρωτοτύπου: Schaum's Outline of Theory and Problems of linear algebra.</subfield>
  </datafield>
  <datafield tag="650" ind1=" " ind2="4">
   <subfield code="a">Μαθηματικά.</subfield>
  </datafield>
  <datafield tag="650" ind1=" " ind2="4">
   <subfield code="a">Άλγεβρες, Γραμμικές.</subfield>
  </datafield>
  <datafield tag="700" ind1="1" ind2=" ">
   <subfield code="a">Lipson, Marc.</subfield>
  </datafield>
  <datafield tag="700" ind1="1" ind2=" ">
   <subfield code="a">Μπλέρης, Γεώργιος.</subfield>
  </datafield>
  <datafield tag="700" ind1="1" ind2=" ">
   <subfield code="a">Αντωνιάδης, Ιωάννης Π.</subfield>
  </datafield>
  <datafield tag="830" ind1=" " ind2=" ">
   <subfield code="a">Schaum's Outline Series.</subfield>
  </datafield>
  <datafield tag="852" ind1=" " ind2=" ">
   <subfield code="a">INST</subfield>
   <subfield code="b">UNIPILB</subfield>
   <subfield code="c">EUDOXOS</subfield>
   <subfield code="e">20130709</subfield>
   <subfield code="h">512.5 LI MTΦ</subfield>
   <subfield code="p">00168582</subfield>
   <subfield code="q">00168582</subfield>
   <subfield code="t">EUDOX</subfield>
   <subfield code="y">0</subfield>
   <subfield code="4">5</subfield>
  </datafield>
  <datafield tag="852" ind1=" " ind2=" ">
   <subfield code="a">INST</subfield>
   <subfield code="b">UNIPILB</subfield>
   <subfield code="c">EUDOXOS</subfield>
   <subfield code="e">20130709</subfield>
   <subfield code="h">512.5 LI MTΦ</subfield>
   <subfield code="p">00168583</subfield>
   <subfield code="q">00168583</subfield>
   <subfield code="t">EUDOX</subfield>
   <subfield code="y">0</subfield>
   <subfield code="4">4</subfield>
  </datafield>
  <datafield tag="852" ind1=" " ind2=" ">
   <subfield code="a">INST</subfield>
   <subfield code="b">UNIPILB</subfield>
   <subfield code="c">EUDOXOS</subfield>
   <subfield code="e">20140409</subfield>
   <subfield code="h">512.5 LI ΜΤΦ</subfield>
   <subfield code="p">00170816</subfield>
   <subfield code="q">00170816</subfield>
   <subfield code="t">LOAN</subfield>
   <subfield code="y">0</subfield>
   <subfield code="4">6</subfield>
  </datafield>
  <datafield tag="852" ind1=" " ind2=" ">
   <subfield code="a">INST</subfield>
   <subfield code="b">UNIPILB</subfield>
   <subfield code="c">EUDOXOS</subfield>
   <subfield code="e">20160621</subfield>
   <subfield code="h">512.5 LI ΜΤΦ</subfield>
   <subfield code="p">00174543</subfield>
   <subfield code="q">00174543</subfield>
   <subfield code="t">LOAN</subfield>
   <subfield code="y">0</subfield>
   <subfield code="4">7</subfield>
  </datafield>
  <datafield tag="852" ind1=" " ind2=" ">
   <subfield code="a">INST</subfield>
   <subfield code="b">UNIPILB</subfield>
   <subfield code="c">MAIN</subfield>
   <subfield code="e">20060316</subfield>
   <subfield code="h">512.5 LI ΜΤΦ</subfield>
   <subfield code="p">00150550</subfield>
   <subfield code="q">00150550</subfield>
   <subfield code="t">LOAN</subfield>
   <subfield code="y">0</subfield>
   <subfield code="4">1</subfield>
  </datafield>
  <datafield tag="852" ind1=" " ind2=" ">
   <subfield code="a">INST</subfield>
   <subfield code="b">UNIPILB</subfield>
   <subfield code="c">MAIN</subfield>
   <subfield code="e">20080123</subfield>
   <subfield code="h">512.5 LI ΜΤΦ</subfield>
   <subfield code="p">00154773</subfield>
   <subfield code="q">00154773</subfield>
   <subfield code="t">LOAN</subfield>
   <subfield code="y">0</subfield>
   <subfield code="4">2</subfield>
  </datafield>
  <datafield tag="852" ind1=" " ind2=" ">
   <subfield code="a">INST</subfield>
   <subfield code="b">UNIPILB</subfield>
   <subfield code="c">MAIN</subfield>
   <subfield code="e">20100708</subfield>
   <subfield code="h">512.5 LI ΜΤΦ</subfield>
   <subfield code="p">00161631</subfield>
   <subfield code="q">00161631</subfield>
   <subfield code="t">LOAN</subfield>
   <subfield code="y">0</subfield>
   <subfield code="4">3</subfield>
  </datafield>
 </record>
</collection>
